[Event "Cheliabinsk-ch final"]
[Site "Cheliabinsk"]
[Date "2013.01.19"]
[Round "3"]
[White "Polosin, Evgeni"]
[Black "Safronov, Sergey"]
[Result "0-1"]
[WhiteElo "2045"]
[BlackElo "2255"]
[PlyCount "94"]
[EventDate "2013.01.15"]
[EventType "swiss"]
[EventRounds "9"]
[EventCountry "RUS"]
[SourceTitle "EXT 2014"]
[Source "ChessBase"]
[SourceDate "2013.11.20"]
[SourceVersion "1"]
[SourceVersionDate "2013.11.20"]
[SourceQuality "1"]

1. e4 e5 2. Nf3 Nf6 3. Nxe5 d6 4. Nf3 Nxe4 5. Nc3 Nxc3 6. dxc3 Be7 7. Be3 Nc6 8. Qd2 Bg4 9. Be2 Qd7 10. 0-0-0 0-0-0 11. h3 Bh5 12. g4 Bg6 13. Nd4 Kb8 14. Bb5 Bf6 15. g5 Bxd4 16. Bxd4 Rhg8 17. c4 a6 18. Ba4 Be4 19. Rhg1 Qxh3 20. Rg3 Qh5 21. Re1 Bf3 22. Re3 Nxd4 23. Qxd4 Qh1+ 24. Kd2 Qd1+ 25. Kc3 Qxd4+ 26. Kxd4 Bh5 27. Re7 Bg6 28. Rge3 h5 29. gxh6 gxh6 30. b4 Rdf8 31. c5 dxc5+ 32. Kxc5 Rd8 33. Be8 Bxc2 34. Bxf7 Rg4 35. f4 Rxf4 36. Rxc7 Kxc7 37. Re6 Rxf7 38. b5 Rf5+ 39. Kb4 Rxb5+ 40. Kc3 Bf5 41. Re7+ Rd7 42. Re8 Rd3+ 43. Kc4 Rdd5 44. a4 Rbc5+ 45. Kb4 a5+ 46. Kb3 Rd3+ 47. Kb2 Rc2+ 0-1

[Event "Cheliabinsk Kibizov Memorial 6th"]
[Site "Cheliabinsk"]
[Date "2011.06.29"]
[Round "6"]
[White "Matsenko, Vadim"]
[Black "Safronov, Sergey"]
[Result "1/2-1/2"]
[WhiteElo "2176"]
[BlackElo "2254"]
[PlyCount "22"]
[EventDate "2011.06.24"]
[EventType "swiss"]
[EventRounds "9"]
[EventCountry "RUS"]
[SourceTitle "EXT 2022"]
[Source "ChessBase"]
[SourceDate "2021.10.06"]
[SourceVersion "1"]
[SourceVersionDate "2021.10.06"]
[SourceQuality "1"]

1. e4 e5 2. Nf3 Nc6 3. Bc4 Bc5 4. d3 Nf6 5. Bg5 h6 6. Bh4 d6 7. 0-0 0-0 8. Nc3 Be6 9. Bxe6 fxe6 10. Na4 Bb6 11. Nxb6 axb6 1/2-1/2

[Event "Cheliabinsk-ch"]
[Site "Cheliabinsk"]
[Date "2011.01.16"]
[Round "3"]
[White "Safronov, Sergey"]
[Black "Bakin, Alexander1"]
[Result "1/2-1/2"]
[WhiteElo "2259"]
[BlackElo "2215"]
[PlyCount "22"]
[EventDate "2011.01.13"]
[EventType "swiss"]
[EventRounds "9"]
[EventCountry "RUS"]
[SourceTitle "EXT 2012"]
[Source "ChessBase"]
[SourceDate "2011.11.24"]
[SourceVersion "1"]
[SourceVersionDate "2011.11.24"]
[SourceQuality "1"]

1. d4 d5 2. c4 c6 3. Nc3 Nf6 4. Bf4 Bf5 5. cxd5 cxd5 6. e3 a6 7. Bd3 Bxd3 8. Qxd3 e6 9. Nf3 Bd6 10. Bxd6 Qxd6 11. 0-0 0-0 1/2-1/2

[Event "Cheliabinsk Panchenko Memorial 1st"]
[Site "Cheliabinsk"]
[Date "2009.10.06"]
[Round "1"]
[White "Kogan, Alexander A"]
[Black "Safronov, Sergey"]
[Result "1/2-1/2"]
[WhiteElo "2161"]
[BlackElo "2248"]
[PlyCount "24"]
[EventDate "2009.10.06"]
[EventType "swiss"]
[EventRounds "9"]
[EventCountry "RUS"]
[SourceTitle "EXT 2010"]
[Source "ChessBase"]
[SourceDate "2010.11.25"]
[SourceVersion "1"]
[SourceVersionDate "2010.11.25"]
[SourceQuality "1"]

1. d4 d5 2. c4 e6 3. Nc3 c6 4. Bf4 Bd6 5. Bxd6 Qxd6 6. Nf3 Nf6 7. e3 Nbd7 8. Qc2 0-0 9. Bd3 e5 10. dxe5 Nxe5 11. Nxe5 Qxe5 12. 0-0-0 h6 1/2-1/2

[Event "Cheliabinsk Region-ch op"]
[Site "Cheliabinsk"]
[Date "2008.08.28"]
[Round "9"]
[White "Gorbushin, Maksim"]
[Black "Safronov, Sergey"]
[Result "0-1"]
[WhiteElo "2048"]
[BlackElo "2241"]
[PlyCount "98"]
[EventDate "2008.08.03"]
[EventType "swiss"]
[EventRounds "9"]
[EventCountry "RUS"]
[SourceTitle "EXT 2022"]
[Source "ChessBase"]
[SourceDate "2021.10.06"]
[SourceVersion "1"]
[SourceVersionDate "2021.10.06"]
[SourceQuality "1"]

1. Nf3 g6 2. g3 Bg7 3. Bg2 c5 4. e4 d5 5. exd5 Qxd5 6. Nc3 Qe6+ 7. Qe2 Qxe2+ 8. Nxe2 Nc6 9. a3 Bf5 10. d3 Nf6 11. 0-0 0-0 12. Be3 b6 13. Nc3 Rad8 14. h3 e5 15. Nd2 Nd4 16. Bxd4 cxd4 17. Nce4 Rc8 18. Nxf6+ Bxf6 19. Rac1 Rc7 20. g4 Be6 21. Ne4 Be7 22. c4 dxc3 23. Rxc3 Rxc3 24. Nxc3 Rd8 25. Nb5 a5 26. Nc7 Bb3 27. Be4 Rc8 28. Nd5 Bxd5 29. Bxd5 Rc2 30. b3 Bxa3 31. f4 Rc5 32. Be4 exf4 33. Rxf4 Rc1+ 34. Rf1 Bc5+ 35. Kg2 Rc2+ 36. Kh1 Rd2 37. Rf3 Kg7 38. Bc6 f6 39. Bb5 Bd4 40. Bc4 Kh6 41. Bg8 b5 42. h4 Rd1+ 43. Kh2 a4 44. bxa4 bxa4 45. g5+ fxg5 46. hxg5+ Kxg5 47. Bxh7 a3 48. Rg3+ Kh6 49. Bg8 Be5 0-1

[Event "Cheliabinsk Region-ch op"]
[Site "Cheliabinsk"]
[Date "2008.08.03"]
[Round "1"]
[White "Safronov, Sergey"]
[Black "Zorin, Yuri"]
[Result "1-0"]
[WhiteElo "2241"]
[BlackElo "1898"]
[PlyCount "79"]
[EventDate "2008.08.03"]
[EventType "swiss"]
[EventRounds "9"]
[EventCountry "RUS"]
[SourceTitle "EXT 2022"]
[Source "ChessBase"]
[SourceDate "2021.10.06"]
[SourceVersion "1"]
[SourceVersionDate "2021.10.06"]
[SourceQuality "1"]

1. c4 f5 2. Nc3 Nf6 3. g3 e6 4. Bg2 d5 5. d4 c6 6. Nf3 Bd6 7. 0-0 0-0 8. Qb3 Nbd7 9. Bd2 Qb6 10. Qa4 Qb4 11. Qxb4 Bxb4 12. Nxd5 exd5 13. Bxb4 Re8 14. e3 dxc4 15. Rfc1 Nd5 16. Be1 b5 17. a4 Bb7 18. Nh4 Ne7 19. axb5 Nb6 20. bxc6 Bxc6 21. Nxf5 Bxg2 22. Nxe7+ Rxe7 23. Kxg2 Rc8 24. Bb4 Rf7 25. Bc5 h6 26. Ra6 Rb7 27. e4 Kf7 28. Rc3 Rcc7 29. Rxa7 Nd7 30. Rxb7 Rxb7 31. Rxc4 Rxb2 32. Rb4 Rc2 33. Rb7 Ke8 34. e5 g6 35. Bd6 Rc6 36. d5 Ra6 37. e6 Rxd6 38. Rxd7 Rxd7 39. exd7+ Kxd7 40. Kf3 1-0

[Event "Cheliabinsk City-ch"]
[Site "Cheliabinsk"]
[Date "2008.01.20"]
[Round "6"]
[White "Safronov, Sergey"]
[Black "Nikolenko, Vadim"]
[Result "1-0"]
[WhiteElo "2265"]
[BlackElo "2232"]
[PlyCount "129"]
[EventDate "2008.01.10"]
[EventType "tourn"]
[EventRounds "9"]
[EventCountry "RUS"]
[SourceTitle "EXT 2009"]
[Source "ChessBase"]
[SourceDate "2008.11.26"]
[SourceVersion "1"]
[SourceVersionDate "2008.11.26"]
[SourceQuality "1"]

1. c4 f5 2. Nf3 Nf6 3. g3 e6 4. Bg2 Be7 5. 0-0 0-0 6. Nc3 d5 7. b3 c6 8. e3 Nbd7 9. Bb2 Qe8 10. Ne2 Ng4 11. h3 Nh6 12. Nf4 Nb6 13. Qc2 g5 14. Nd3 Nd7 15. Nd4 Qg6 16. Nf3 Bf6 17. Bxf6 Qxf6 18. Qb2 Qxb2 19. Nxb2 g4 20. Nd4 gxh3 21. Bxh3 Kf7 22. cxd5 cxd5 23. Rac1 Ke7 24. Nd3 a6 25. Rc7 Kd6 26. Rfc1 Nf7 27. f4 h5 28. Bg2 Rg8 29. Nf3 Rb8 30. Nb4 Nh6 31. Ng5 Nf6 32. Nxa6 Ra8 33. Nb4 Ne4 34. Bxe4 fxe4 35. Rh7 Nf5 36. Nf7+ Kd7 37. Kf2 Rg7 38. Ne5+ Kd6 39. Rxh5 Bd7 40. g4 Rag8 41. Rh2 Ne7 42. d3 exd3 43. Nbxd3 Bb5 44. Ne1 Rf8 45. N1f3 Ng8 46. Rh8 Ra8 47. a4 Be8 48. Nd4 Rb8 49. g5 Ra8 50. Ng4 Rb8 51. Nf6 Nxf6 52. gxf6 Rf7 53. Nb5+ Bxb5 54. Rxb8 Bc6 55. b4 Bxa4 56. e4 e5 57. Rd8+ Bd7 58. fxe5+ Kxe5 59. exd5 Rxf6+ 60. Ke3 Bb5 61. Rc5 Rb6 62. Rh8 Kf5 63. d6+ Kg6 64. Rxb5 Rxb5 65. d7 1-0

[Event "Cheliabinsk City-ch"]
[Site "Cheliabinsk"]
[Date "2008.01.10"]
[Round "1"]
[White "Safronov, Sergey"]
[Black "Korostelev, Stanislav"]
[Result "1-0"]
[WhiteElo "2265"]
[BlackElo "2203"]
[PlyCount "93"]
[EventDate "2008.01.10"]
[EventType "tourn"]
[EventRounds "9"]
[EventCountry "RUS"]
[SourceTitle "EXT 2009"]
[Source "ChessBase"]
[SourceDate "2008.11.26"]
[SourceVersion "1"]
[SourceVersionDate "2008.11.26"]
[SourceQuality "1"]

1. d4 Nf6 2. Nf3 e6 3. g3 d5 4. Bg2 Be7 5. 0-0 0-0 6. c4 c6 7. Nc3 b6 8. Bf4 Ba6 9. cxd5 cxd5 10. Ne5 Bb7 11. Rc1 Nbd7 12. Nb5 Nxe5 13. dxe5 Ne8 14. Qd3 Qd7 15. Rfd1 a6 16. Nc3 b5 17. e4 b4 18. Ne2 Nc7 19. Nd4 dxe4 20. Bxe4 Bxe4 21. Qxe4 Nd5 22. Nf5 Rac8 23. Rxc8 Rxc8 24. Qf3 Bf8 25. Ne3 Nxe3 26. Bxe3 Qa4 27. b3 Qxa2 28. Rd7 Qb1+ 29. Kg2 Qg6 30. Ra7 h5 31. Rxa6 Rd8 32. Rc6 Qd3 33. Rc7 Rd7 34. Rc8 Rd8 35. Rc7 Rd7 36. Rc4 g6 37. Bg5 Kh7 38. Qxd3 Rxd3 39. Rc7 Rxb3 40. Rxf7+ Kg8 41. Rf6 Kg7 42. Rxe6 Rd3 43. Rb6 Bc5 44. Rb7+ Kf8 45. e6 Rd1 46. Rb8+ Kg7 47. e7 1-0

[Event "Cheliabinsk Postovalov Memorial 2nd"]
[Site "Cheliabinsk"]
[Date "2008.01.06"]
[Round "5"]
[White "Baraeva, Marina"]
[Black "Safronov, Sergey"]
[Result "1/2-1/2"]
[WhiteElo "2065"]
[BlackElo "2265"]
[PlyCount "25"]
[EventDate "2008.01.02"]
[EventType "swiss"]
[EventRounds "9"]
[EventCountry "RUS"]
[SourceTitle "CBM 122 Extra"]
[Source "ChessBase"]
[SourceDate "2008.03.04"]
[SourceVersion "1"]
[SourceVersionDate "2008.03.04"]
[SourceQuality "1"]

1. c4 c5 2. Nc3 g6 3. g3 Bg7 4. Bg2 Nc6 5. e3 e6 6. Nge2 Nge7 7. 0-0 0-0 8. d4 cxd4 9. Nxd4 Nxd4 10. exd4 d5 11. cxd5 Nxd5 12. Nxd5 exd5 13. Be3 1/2-1/2

[Event "Cheliabinsk-ch"]
[Site "Cheliabinsk"]
[Date "2007.02.08"]
[Round "8"]
[White "Efanov, Nikolai Aleksandrov"]
[Black "Safronov, Sergey"]
[Result "1-0"]
[WhiteElo "2312"]
[BlackElo "2257"]
[PlyCount "116"]
[EventDate "2007.01.20"]
[EventType "tourn"]
[EventRounds "9"]
[EventCountry "RUS"]
[SourceTitle "EXT 2010"]
[Source "ChessBase"]
[SourceDate "2010.11.25"]
[SourceVersion "1"]
[SourceVersionDate "2010.11.25"]
[SourceQuality "1"]

1. Nc3 d5 2. e4 dxe4 3. Nxe4 e5 4. Nf3 Nf6 5. Neg5 Bg4 6. h3 Bxf3 7. Qxf3 Qd5 8. Qxd5 Nxd5 9. Bc4 c6 10. 0-0 Nd7 11. Re1 Bd6 12. d4 0-0 13. Nf3 Rfe8 14. dxe5 Nxe5 15. Nxe5 Bxe5 16. g3 h6 17. c3 Rad8 18. Bb3 Kf8 19. Kf1 Bc7 20. Rxe8+ Kxe8 21. Ke2 Bb6 22. Bd2 Nf6 23. Rd1 Ne4 24. Be1 Rxd1 25. Bxd1 Ke7 26. Bc2 Nf6 27. Bd2 Nd5 28. c4 Nc7 29. Bb4+ c5 30. Bc3 Ne8 31. Be4 Nd6 32. Bd5 f6 33. b4 Kd7 34. a4 a6 35. Kf3 Ba7 36. b5 Ke7 37. Bd2 h5 38. g4 hxg4+ 39. Kxg4 g6 40. bxa6 bxa6 41. h4 Nf7 42. a5 Ne5+ 43. Kh3 Bb8 44. f4 Nd3 45. Bb7 Bc7 46. Bxa6 Nb4 47. Bc8 Bxa5 48. f5 gxf5 49. Be3 Bb6 50. Bxf5 Nc6 51. Be4 Ne5 52. Bd5 Nd3 53. Kg4 Kf8 54. Bh6+ Ke7 55. Bg7 Nb4 56. Bg8 Nc6 57. h5 Bc7 58. h6 Be5 1-0

[Event "Cheliabinsk-ch"]
[Site "Cheliabinsk"]
[Date "2007.01.20"]
[Round "1"]
[White "Sotnikov, Alexander I"]
[Black "Safronov, Sergey"]
[Result "1-0"]
[WhiteElo "2241"]
[BlackElo "2257"]
[PlyCount "165"]
[EventDate "2007.01.20"]
[EventType "tourn"]
[EventRounds "9"]
[EventCountry "RUS"]
[SourceTitle "EXT 2010"]
[Source "ChessBase"]
[SourceDate "2010.11.25"]
[SourceVersion "1"]
[SourceVersionDate "2010.11.25"]
[SourceQuality "1"]

1. Nf3 g6 2. d4 d5 3. Bf4 Bg7 4. e3 Nf6 5. h3 0-0 6. Bd3 c5 7. c3 Qb6 8. Qc1 Bd7 9. Na3 Nc6 10. 0-0 Rac8 11. Re1 Ne4 12. Nc2 Bf5 13. Rd1 Rfe8 14. g4 c4 15. gxf5 cxd3 16. Nce1 d2 17. Nxd2 gxf5 18. Nd3 Na5 19. f3 Nf6 20. Kh1 Kh8 21. Rg1 Nh5 22. Bh2 Qe6 23. Qe1 f4 24. exf4 Qxh3 25. Rg5 Nc4 26. Nf2 Qh4 27. Nxc4 Rxc4 28. Rg4 Qf6 29. Qe5 Qxe5 30. fxe5 f6 31. Rh4 fxe5 32. Rxh5 exd4 33. cxd4 Rxd4 34. Re1 Rd2 35. Nd1 e5 36. Bf4 Rxd1 37. Rxd1 exf4 38. Rhxd5 Bxb2 39. Rd8 Rxd8 40. Rxd8+ Kg7 41. Rd7+ Kg6 42. Rxb7 Bd4 43. Kg2 Bb6 44. Rd7 h5 45. Rd5 Be3 46. Kh3 Bb6 47. a4 Bf2 48. a5 Be3 49. a6 Bf2 50. Rd2 Bc5 51. Rg2+ Kh6 52. Rh2 Kg5 53. Kg2 Bb6 54. Kf1 Be3 55. Ke2 Bb6 56. Kd3 Bc5 57. Ke4 Be3 58. Ke5 Bc1 59. Kd4 Be3+ 60. Ke4 Bc1 61. Rc2 Be3 62. Rb2 Kh4 63. Rb5 Bc1 64. Rb7 Be3 65. Rg7 Kh3 66. Kf5 h4 67. Rg4 Bd2 68. Kg5 Be1 69. Kxf4 Bg3+ 70. Ke4 Kg2 71. Rg7 h3 72. Rxa7 Bh4 73. Rh7 Kg3 74. Rg7+ Kf2 75. a7 h2 76. a8Q h1Q 77. Qa2+ Kf1 78. Qc4+ Kf2 79. Qd4+ Kf1 80. Qd3+ Kf2 81. Qe3+ Kf1 82. Kd3 Qh2 83. Rg1+ 1-0

[Event "RUS-ch sf"]
[Site "Orsk"]
[Date "2000.??.??"]
[Round "9"]
[White "Beltugov, E."]
[Black "Safronov, Sergey"]
[Result "1-0"]
[WhiteElo "2248"]
[BlackElo "2332"]
[PlyCount "77"]
[EventDate "2000.??.??"]
[EventType "swiss"]
[EventRounds "11"]
[EventCountry "RUS"]
[SourceTitle "EXT 2001"]
[Source "ChessBase"]
[SourceDate "2000.11.22"]
[SourceVersion "1"]
[SourceVersionDate "2000.11.22"]
[SourceQuality "1"]

1. d4 Nf6 2. Nf3 e6 3. Bg5 d5 4. e3 c5 5. c3 Be7 6. Bd3 Nbd7 7. 0-0 h6 8. Bh4 Ne4 9. Bxe7 Qxe7 10. Nfd2 Ndf6 11. f3 0-0 12. f4 Nd6 13. Qe2 Bd7 14. Nf3 Nc8 15. Nbd2 cxd4 16. exd4 Nd6 17. Ne5 Qe8 18. Nxd7 Qxd7 19. Rae1 b5 20. g4 Qd8 21. g5 hxg5 22. fxg5 Nfe4 23. Bxe4 Nxe4 24. Nxe4 dxe4 25. Qh5 Qd5 26. Qh4 e5 27. Re3 Rfd8 28. g6 Rd7 29. Qh7+ Kf8 30. Qh8+ Ke7 31. Qxg7 Kd6 32. gxf7 Kc6 33. Qxe5 Rf8 34. Rf6+ Rd6 35. Rxd6+ Qxd6 36. Qxe4+ Kd7 37. Qe8+ Kc7 38. Re7+ Kb6 39. Re6 1-0

[Event "RUS-ch sf"]
[Site "Orsk"]
[Date "2000.??.??"]
[Round "7"]
[White "Kholopov, Alexander A"]
[Black "Safronov, Sergey"]
[Result "1/2-1/2"]
[WhiteElo "2284"]
[BlackElo "2332"]
[PlyCount "22"]
[EventDate "2000.??.??"]
[EventType "swiss"]
[EventRounds "11"]
[EventCountry "RUS"]
[SourceTitle "EXT 2001"]
[Source "ChessBase"]
[SourceDate "2000.11.22"]
[SourceVersion "1"]
[SourceVersionDate "2000.11.22"]
[SourceQuality "1"]

1. e4 e5 2. Nf3 Nc6 3. Bb5 a6 4. Bxc6 dxc6 5. d4 exd4 6. Qxd4 Qxd4 7. Nxd4 Bd7 8. Be3 0-0-0 9. Nd2 Ne7 10. 0-0-0 c5 11. N4f3 Ng6 1/2-1/2